000 00325nam a22001337a 4500
003 SISC
005 20160309173125.0
008 160309b xxu||||| |||| 00| 0 eng d
020 _a9786058603714
100 _aYayici, Emrah
245 _aBusiness Analyst's mentor book
_cEmrah Yayici
300 _a105 p.
942 _2lcc
_cBK
999 _c291519
_d291519